| 000 | 01069nam0a2200289 4500 | ||
|---|---|---|---|
| 001 | RU\NLR\bibl\42990 | ||
| 005 | 20250615030511.0 | ||
| 010 |
_a5-93033-007-7 _92000 |
||
| 035 | _a(NLR Aleph) 000041912 | ||
| 090 |
_a219679 _c219679 |
||
| 100 | _a19990811d1999 |||y0rusy50 ca | ||
| 101 | 1 | _arus | |
| 102 | _aRU | ||
| 105 | _ay ||||||||| | ||
| 200 | 1 |
_aГорчичное зерно _eПолн. собр. соч. Т. 4 _fОмраам Микаэль Айванхов |
|
| 210 |
_aМ. _cПросвета _cВсемир. Белое братство _d1999 |
||
| 215 |
_a204 с. _cил. _d22 |
||
| 601 | 0 | 2 |
_aВсемирное Белое Братство _92079262 _3RU\NLR\auth\661255139 |
| 686 | _aЭ378.151.18 | ||
| 700 | 1 |
_aАйванхов _bО. М. _f1900-1986 _gОмраам Микаэль _4070 |
|
| 801 | 0 |
_aRU _bNLR _c19990811 _gPSBO |
|
| 801 | 1 |
_aRU _bNLR _c19990811 |
|
| 852 |
_aNLR _j99-5/2081 |
||
| 942 | _cBOOK | ||
| 980 | _aNB | ||